|
|
|
|
| LEADER |
00000nam a22000007a 4500 |
| 005 |
20190801021922.0 |
| 007 |
cr|||| |||| |
| 008 |
190801s2018 br |||||s|||| 00||0 por d |
| 020 |
|
|
|a 978-85-7789-343-0
|
| 035 |
|
|
|a 23860
|
| 040 |
|
|
|a vLex
|
| 090 |
|
|
|c 9094
|d 9094
|
| 100 |
1 |
|
|a Mossin, Herc̀lito Antn̥io
|
| 245 |
1 |
0 |
|a Recurso Extraordinr̀io e Especial
|h [Recurso electrn̤ico] :
|b Aspectos Constitucionais, Processuais e Sumulares (ℓrea civil e criminal) /
|c Herc̀lito Antn̥io Mossin, Jl︢io Cšar O. G. Mossin
|
| 256 |
|
|
|a Servicio en ln̕ea
|
| 260 |
|
|
|a San Pablo:
|b JH Mizuno,
|c 2018
|
| 300 |
|
|
|a 1 recurso electrn̤ico
|
| 500 |
|
|
|a A presente obra jurd̕ica ̌constitutiva de tt̕ulo inďito na literatura nacional. Essa afirmativa resulta de que os recursos extraordinr̀io e especial sô meticulosamente examinados em trs̊ aspectos: constitucional, processual e sumular, o que possibilita ao leitor ter uma visô ampla no que tange s̉ interpretaė̳s resultantes dos mencionados tp̤icos. Ainda, de maneira inusitada, a matřia recursal, que ̌o objeto desta monografia, ̌abordada nos campos civil e penal, o que nô ocorre com outras obras nesse setor. O estudo, levado a efeito para fins doutrinr̀ios, est ̀rigorosamente consubstanciado nos novos regramentos postos no vigente Cd̤igo de Processo Civil, que ostentam aplicabilidade e adequaȯ̂, quer no campo civil, quer no criminal, posto ser a n︢ica legislaȯ̂ em vigor que disciplina ordinariamente esses meios impugnativos de diretriz constitucional.
|
| 506 |
1 |
|
|a Disponible solo en los productos indicados
|d vLex Global
|d vLex Global (Academic Edition, excluding Law Schools)
|d vLex Global (U.S. Academic Edition, Law Schools)
|d vLex Global (U.S. Academic Edition, excluding Law Schools)
|d vLex Global (Academic Edition, Law Schools)
|
| 650 |
0 |
4 |
|a Derecho Constitucional
|z Brasil
|
| 740 |
0 |
|
|a vLex Libros (Servicio en ln̕ea)
|
| 856 |
4 |
0 |
|u http://vlex.com/source/recurso-extraordinario-e-especial-aspectos-constitucionais-processuais-e-sumulares-area-civil-e-criminal--23860
|z Acceso restringido
|
| 942 |
|
|
|c BOOK
|
| 999 |
0 |
|
|a Constitutional right
|